00486nam a2200169Ia 450000500170000000800410001702000180005804100080007608200150008410000150009924500610011426000410017530000090021650000280022565000380025370000250029120251122103050.0230125s9999 xx 000 0 und d a9788184952506 aeng a158.1bROD aRoderick C aInterview AnswersbImpressive Answers To Tough Questions c2016bJaico Publishing HouseaMumbai a171p aPersonality Development aInterview Personality Development aRoderick C & Lucks S